Statistics for Guess the Shawn Mendes song with no hints #3

Click here to take the quiz!

General Stats

  • This quiz has been taken 55 times
  • The average score is 204 of 337

Answer Stats

Answer% Correct
I
100%
you
98%
a
92%
be
82%
the
82%
me
80%
me?
80%
love
78%
in
76%
do
72%
No
72%
what
72%
your
72%
know
68%
to
68%
we
68%
Can
66%
like
64%
That
64%
that
64%
don't
62%
"Don't
62%
it's
62%
go
60%
Then
60%
and
58%
And
58%
so
58%
So
58%
I'm
54%
Are
50%
not
50%
not?
50%
this
50%
if
48%
If
48%
could
46%
of
46%
say
46%
time
46%
too,
46%
but
44%
shoes
44%
we're
44%
always
42%
'Cause
42%
'cause
42%
Tell
42%
tell
42%
want
42%
Every
40%
I'd
40%
myself
40%
at
38%
put
38%
kiss
36%
nothin'
36%
up
36%
up,
36%
us
36%
won't
36%
cry"
34%
dying
34%
get
34%
head
34%
maybe
34%
or
34%
really
34%
still
34%
there's
34%
Yeah,
34%
inside
32%
mad
32%
makes
32%
moment
32%
said
32%
sorry
32%
wanna
32%
Whatever
32%
what's
32%
bed
30%
comfortable
30%
matter
30%
sure
30%
tired
30%
caught
28%
cheers
28%
hopin'
28%
left
28%
less
28%
little
28%
middle
28%
movies,
28%
now
28%
stuck
28%
argue
26%
call
26%
lose
26%
lying
26%
might
26%
right
26%
worried
26%
hey
24%
Let's
24%
truce,
24%

Score Distribution

Percentile by Number Answered

Percent of People with Each Score

Your Score History

You have not taken this quiz